000 00725nam a2200265Ia 4500
003 OSt
005 20220918163420.0
006 a|||||r|||| 00| 0
007 ta
008 220917b |||||||| |||| 00| 0 eng d
020 _a0 7131 6136 1
024 _a29,799
037 _cTextual
040 _aARTS
_cARTS
_beng
041 _2eng
_aeng
082 _aO111,3M79,PIa, L8
100 _aStallybrass Oliver
_913021
245 0 _aManuscripts of a Passage to India
260 _aLondon
_bEdward Arnold UK
_c1978
300 _axxv,589p
_ccm.
500 _aAppedix p,579-89
650 _aENGLISH LITERATURE
942 _hO111,3M79,PIa, L8
_cTEXL
_2CC
999 _c119467
_d119467